| 000 | 00000nam##2200000za#4500 |
| 001 | 9.640832 |
| 003 | CaOODSP |
| 005 | 20250506145323 |
| 007 | cr ||||||||||| |
| 008 | 150407|1971||||xxc|||||o f|0| 0 fre|d |
| 040 | |aCaOODSP|bfre |
| 043 | |an-cn--- |
| 086 | 1 |aA73-1421/1971F-PDF |
| 110 | 1 |aCanada.|bAgriculture Canada. |
| 245 | 10|aChoix, présentation et appréciation des pommes de terre de concours / |h[ressource électronique]|c[par] E. H. Peters ; Division de la protection des végétaux. |
| 260 | |aOttawa - Ontario : |bAgriculture Canada |c1971, c1977. |
| 300 | |a24p.|btableaux, photographies |
| 500 | |aPublication 1421. Publication historique numérisée par Agriculture et Agroalimentaire Canada. Le n° de catalogue (A73-1421F) et l'ISBN (0-662-00452-3) de l'édition imprimée ont été copiés dans l'édition électronique. |
| 590 | |a12-39-Supp|b2012-10-11 |
| 691 | 07|aPomme de terre|2gcpds |
| 720 | 1 |aPeters, E. H. |
| 775 | 08|tSelecting, exhibiting & judging potatoes / |w(CaOODSP)9.696724 |
| 856 | 40|ahttp://publications.gc.ca|qPDF|s1.65 Mo|uhttps://publications.gc.ca/collections/collection_2012/agr/A73-1421-1971-fra.pdf |